Liedtext - Gewinner - Clueso - Statistiken

Allgemein
  • Dieses Quiz wurde 252 mal gespielt
  • Das Durchschnittsergebnis liegt bei 205 aus 279
Antwortstatistiken
Textquiz % Korrekt
du
95%
Du
95%
Ich
93%
ich
93%
wir
93%
Wir
93%
sind
90%
Sind
90%
zu
88%
bin
87%
uns
86%
An
85%
an
85%
bist
84%
Bist
84%
es
82%
was
78%
dabei
77%
nicht
77%
auch
76%
dich
76%
ist
76%
verlier'n
76%
man
75%
mich
73%
allem
71%
dran
68%
komm
68%
sagt
68%
wer
68%
die
65%
geht
63%
das
62%
ein
62%
glaub
61%
und
59%
glaubst
58%
kommt
58%
noch
56%
darauf
54%
Egal
54%
egal
54%
mir
52%
lass
51%
war
50%
auf
48%
mit
47%
tun
47%
einmal
43%
dem
42%
doch
42%
nichts
42%
zur
42%
glaube
39%
als
38%
frag
38%
groß
38%
Ruh
38%
dann
36%
dir
36%
von
36%
fragst
35%
gehst
35%
Versuchung
35%
genug
34%
frage
33%
hier
32%
vielleicht
32%
geb'
31%
reg
31%
weit
28%
leicht
27%
leg
25%
Leichter
25%
leichter
25%
such
25%
Suchst
21%
Fällt
19%
Keine übereinstimmenden Quizze gefunden
Verteilung der Resultate
Anzahl Personen mit jedem Resultat
Perzentil nach korrekt beantworteten Fragen
Ihre Resultats-Entwicklung
Sie haben dieses Quiz noch nicht gespielt